000 00302nam a22001337a 4500
008 171019b xxu||||| |||| 00| 0 eng d
020 _a0060412658
041 _aeng
080 _a338
100 _a53
101 _aMEN
245 _aMATHEMATICS FOR MODERN MANAGEMENT
_cCHOTTINER,SH
942 _2udc
_cBK
999 _c34907
_d34907